000
00233nam a22000977a 4500
040
_c
FIZZA ISHAQ
082
_a
276.12
_b
MOH
100
_a
THIOLA,F.MOHIO.
_9
133708
245
_a
STUDENTS & SOLUTIONS /
_c
MOHIO F.THIOLA.
942
_2
ddc
_c
BK
999
_c
616672
_d
616672